| 000 | 00534nam a2200181 i 4500 | ||
|---|---|---|---|
| 001 | 99026 | ||
| 003 | ES-MaACL | ||
| 005 | 20250901032926.0 | ||
| 007 | t| | ||
| 008 | 051108s1832 xxk ||||1| eng d | ||
| 100 | 1 |
_aMoir, David Macbeth. _981810 |
|
| 245 | 1 | 0 |
_aProofs of the contagion of malignant cholera / _cby D.M. Moir. |
| 260 |
_aEdinburgh : _bWilliam Blackwood ; _aLondon : _bT. Cadell, _c1832. |
||
| 300 |
_a88 p. ; _c22 cm. |
||
| 650 | 7 |
_aCólera _2embne _911143 |
|
| 852 |
_aES-MaACL _jT-489-F-3 |
||
| 999 |
_c99026 _d99026 |
||